=LDR 00000nam 2200000 4500 =001 INLIS000000000040062 =005 20130612145641 =008 ***********************************Ind** =035 ##$$0010-061300000040062 =041 ##$$a Ind =082 ##$$a 615.852 =090 ##$$a 615.852, Isk h.2 =100 ##$$a Iskandar,Munadjad =245 ##$$a Health triad, Body,mind,and system =260 ##$$a 2010 $b Jakarta =300 ##$$a 238 hlm, 17 cm =850 ##$$a NBPNMAT =990 ##$$a 0070/BPAP-NTB/2017